00553nam a22002057a 450000500170000001000110001702000100002803500110003803700160004904000120006508200150007710000200009224500710011226000400018327000470022330000210027065000200029165000230031170000130033420170124110138.0 a723543 c00.00 a723543 bCen Lib/Ret aDPLbEN a641.1bGHE aGhei, Amar Nath aText book of food and nutrition /cby Amar Nath Ghei [and] P. Ghei bSagar PublicationsaNew Delhic1973 bNew DelhiaVed Mansion, 72 Janpathe110001 a268p. c20cm(Hb) aSocial medicine aFood and nutrition aGhei, P.